书目信息 |
| 题名: |
Python高级程序设计
|
|
| 作者: | 陈运军 , 陈玲 , 罗滔 主编 | |
| 分册: | ||
| 出版信息: | 哈尔滨 哈尔滨工程大学出版社 2021.04 |
|
| 页数: | 295页 | |
| 开本: | 26cm | |
| 丛书名: | ||
| 单 册: | ||
| 中图分类: | TP311.561 | |
| 科图分类: | ||
| 主题词: | 软件工具--ruan jian gong ju--程序设计--教材 | |
| 电子资源: | ||
| ISBN: | 978-7-5661-2958-1 | |
| 000 | 00940nam0 2200265 450 | |
| 001 | 25576 | |
| 005 | 20220919111552.79 | |
| 010 | @a978-7-5661-2958-1@dCNY45.00 | |
| 100 | @a20210421d2021 em y0chiy50 ea | |
| 101 | 0 | @achi |
| 102 | @aCN@b230000 | |
| 105 | @aa z 000yy | |
| 200 | 1 | @aPython高级程序设计@APython gao ji cheng xu she ji@f主编陈运军, 陈玲, 罗滔 |
| 210 | @a哈尔滨@c哈尔滨工程大学出版社@d2021.04 | |
| 215 | @a295页@c图@d26cm | |
| 330 | @a本书主要介绍Python程序设计的高级部分内容, 共九章, 主要内容有面向对象程序设计、常用模块、迭代器和生成器、闭包和装饰器、数据库编程、GUI编程等。 | |
| 333 | @a计算机专业“十四五”精品教材 | |
| 606 | 0 | @a软件工具@Aruan jian gong ju@x程序设计@j教材 |
| 610 | 0 | @aPython |
| 690 | @aTP311.561@v5 | |
| 701 | 0 | @a陈运军@Achen yun jun@4主编 |
| 701 | 0 | @a陈玲@Achen ling@4主编 |
| 701 | 0 | @a罗滔@Aluo tao@4主编 |
| 801 | 0 | @aCN@c20220910 |
| 905 | @a河南城建学院图书馆@dTP311.561@eC630@f1 | |
| Python高级程序设计/主编陈运军, 陈玲, 罗滔.-哈尔滨:哈尔滨工程大学出版社,2021.04 |
| 295页:图;26cm |
| 使用对象:计算机专业“十四五”精品教材 |
| ISBN 978-7-5661-2958-1:CNY45.00 |
| 本书主要介绍Python程序设计的高级部分内容, 共九章, 主要内容有面向对象程序设计、常用模块、迭代器和生成器、闭包和装饰器、数据库编程、GUI编程等。 |
| ● |
| 相关链接 |
|
|
|
正题名:Python高级程序设计
索取号:TP311.561/C630
 
预约/预借
| 序号 | 登录号 | 条形码 | 馆藏地/架位号 | 状态 | 备注 |
| 1 | 1576417 | 215764171 | 自科库301/301自科库 50排5列4层/ [索取号:TP311.561/C630] | 在馆 |